000 00659nam a2200229Ia 4500
001 1155
003 GE_BSU
008 181216s||||||||xx |||||||||||||| ||und||
020 _a9785279032129
040 _cGE_BSU
080 _a336.02(470+571)(075.8)
245 _aФинансовая политика России
245 _bУч-е пособие
245 _cПод ред.Р.А.Набиева Г.А.Тактарова
260 _aМосква
260 _bфинансы и статистика
260 _c2007
300 _a336стр.
541 _h10л.
653 _aФинансовая политика России
942 _cBK
999 _c35304
_d35304